Ludwig the locomotive / (Record no. 111542)
[ view plain ]
| 000 -LEADER | |
|---|---|
| fixed length control field | 00423nam a2200169 a 4500 |
| 001 - CONTROL NUMBER | |
| control field | 3207 |
| 005 - DATE AND TIME OF LATEST TRANSACTION | |
| control field | 20140414131917.0 |
| 008 - FIXED-LENGTH DATA ELEMENTS--GENERAL INFORMATION | |
| fixed length control field | 040129s19uu xx 00 eng d |
| 020 ## - INTERNATIONAL STANDARD BOOK NUMBER | |
| International Standard Book Number | 2-89429-967-2 |
| 050 ## - LIBRARY OF CONGRESS CALL NUMBER | |
| Classification number | ER |
| Item number | L96 1995 |
| 100 ## - MAIN ENTRY--PERSONAL NAME | |
| Personal name | Bryant, Robyn |
| 245 ## - TITLE STATEMENT | |
| Title | Ludwig the locomotive / |
| Statement of responsibility, etc | Robyn Bryant. |
| 260 ## - PUBLICATION, DISTRIBUTION, ETC. (IMPRINT) | |
| Place of publication, distribution, etc | China : |
| Name of publisher, distributor, etc | Tormont, |
| Date of publication, distribution, etc | 1995. |
| 300 ## - PHYSICAL DESCRIPTION | |
| Extent | p. ; cm. |
| 650 ## - SUBJECT ADDED ENTRY--TOPICAL TERM | |
| Topical term or geographic name as entry element | Trains |
| General subdivision | fiction. |
| Withdrawn status | Lost status | Damaged status | Home library | Current library | Shelving location | Date acquired | Source of acquisition | Total Checkouts | Full call number | Barcode | Date last seen | Price effective from | Koha item type |
|---|---|---|---|---|---|---|---|---|---|---|---|---|---|
| Munich Library | Munich Library | Easy Reading Section | 01/29/2004 | ER L96 1995 | M2312 | 04/14/2014 | 04/14/2014 | Books |